Normal view
MARC view
Entry Geographic Name
001 - CONTROL NUMBER
- control field: 41620
003 - CONTROL NUMBER IDENTIFIER
- control field: ARRUPE
005 - DATE AND TIME OF LATEST TRANSACTION
- control field: 20180424145924.0
008 - FIXED-LENGTH DATA ELEMENTS
- fixed length control field: 180424|| aca||aabn | a|a d
040 ## - CATALOGING SOURCE
- Original cataloging agency: ARRUPE
- Transcribing agency: ARRUPE
151 ## - HEADING--GEOGRAPHIC NAME
- Geographic name: Burundi
- General subdivision: Politics and government.
670 ## - SOURCE DATA FOUND
- Source citation: Work cat.: (ARRUPE)0: Lemarchand, René. 41617, Burundi :, 1994